00656nam a2200157 a 450000100100000000500170001000800410002704000250006808200150009324500520010826000720016030000210023295201120025395201180036599900150048300000597320200929151852.0090825s1968 dr 000 0 spa d aDO-SdBNPbspacBNPHU axxxbS623i03aSituación de la industria dominicana en 1966. aSanto Domingo :bBanco Central de la República Dominicana,c1968. a117 p. ;c26 cm. 0010718PDaPDbPDcHDd2009-08-25iLF1l0oxxx S623ip5973-10r2020-06-25w2020-06-25yLFPDZNo se presta 0010718PDaPDbPDcHDd2013-04-08iLF1l0oxxx S623ip5973-20r2020-06-25te. 2w2020-06-25yLFPDZNo se presta c5769d5769